| 000 | 00659nam a22001577a 4500 | ||
|---|---|---|---|
| 008 | 160603b xxu||||| |||| 00| 0 eng d | ||
| 082 |
_22015 _aUT 0601 _bM79 |
||
| 100 |
_99890 _aMorastil, Mechelle C. |
||
| 245 |
_aAntas ng kahandaan sa pagbasa na may pag-unawa ng mga mag-aaral sa ikaapat na baitang ng mababang paaralan ng Marawer Kapatagan lungsod ng Digos/ _cMechelle C. Morastil, Marife S. Camillo and Alvin L. Bugto. |
||
| 260 |
_aDigos City: _bUMDC _cOktubre 2015. |
||
| 300 |
_a42 pages; _c29 cm. |
||
| 650 | 0 |
_99889 _aEducation _vFilipino _xUndergraduate thesis. |
|
| 700 |
_99887 _aCamillo, Marife S. |
||
| 700 |
_99888 _aBugto, Alvin L. |
||
| 942 |
_2ddc _cUT |
||
| 999 |
_c2967 _d2967 |
||